Dosiahnuté hodnoty monitorovacích indikátorov - prezentácia výsledkov a ukazovateľov projektu EU

Prezentovanie dosiahnutých hodnôt monitorovacích indikátorov projektu Katedry pedagogiky Národohospodárskej fakulty Ekonomickej univerzity v Bratislave spolufinancovaného z prostriedkov ESF. Monitorovacie ukazovatele v rámci jednotlivých fáz projektu.

Na minha lista:
Detalhes bibliográficos
Autor principal: Buchová, Jarmila
Formato: Capítulo de Livro
Idioma:eslovaco
Assuntos:
Tags: Adicionar Tag
Sem tags, seja o primeiro a adicionar uma tag!

MARC

LEADER 00000nla$a2200000$$$4500
001 0102811
005 20190730102238.1
041 0 |a slo 
044 |a SK 
245 1 0 |a Dosiahnuté hodnoty monitorovacích indikátorov - prezentácia výsledkov a ukazovateľov projektu EU  |c Jarmila Buchová 
520 |a Prezentovanie dosiahnutých hodnôt monitorovacích indikátorov projektu Katedry pedagogiky Národohospodárskej fakulty Ekonomickej univerzity v Bratislave spolufinancovaného z prostriedkov ESF. Monitorovacie ukazovatele v rámci jednotlivých fáz projektu. 
610 2 0 |a projekty 
610 2 0 |a ukazovatele 
610 2 0 |a vzdelávanie 
610 2 0 |a inovácia 
610 2 0 |a učitelia 
100 1 |a Buchová, Jarmila